[Event "Pozarevac Rudar GM 01"]
[Site "Pozarevac"]
[Date "2025.02.01"]
[Round "6"]
[White "Xu, Zhihang"]
[Black "Rohit, Krishna S"]
[Result "1/2-1/2"]
[WhiteElo "2503"]
[BlackElo "2473"]
[PlyCount "60"]
[EventDate "2025.01.28"]
[EventType "tourn"]
[EventRounds "9"]
[EventCountry "SRB"]
[SourceTitle "CB06_2025"]
[SourceDate "2025.02.05"]
[SourceVersion "1"]
[SourceVersionDate "2025.02.05"]
[SourceQuality "1"]

1. d4 d5 2. c4 e6 3. Nc3 Be7 4. cxd5 exd5 5. Bf4 c6 6. Qc2 Nf6 7. h3 0-0 8. e3 Nh5 9. Bh2 g6 10. Bd3 Ng7 11. Nf3 Bf5 12. 0-0 Bd6 13. Bxd6 Qxd6 14. a3 Nd7 15. Rfc1 Qe7 16. b4 a6 17. Na4 Bxd3 18. Qxd3 Nf5 19. Nc5 Nd6 20. Re1 a5 21. Nd2 b6 22. Nxd7 Qxd7 23. Rec1 axb4 24. axb4 Qb7 25. Qc2 Rxa1 26. Rxa1 Ra8 27. Rc1 Kg7 28. e4 dxe4 29. Nxe4 Rd8 30. Ng3 Nb5 1/2-1/2

[Event "Pozarevac Rudar GM 01-A"]
[Site "Pozarevac"]
[Date "2025.01.24"]
[Round "5"]
[White "Rohit, Krishna S"]
[Black "Xu, Zhihang"]
[Result "1/2-1/2"]
[WhiteElo "2481"]
[BlackElo "2503"]
[PlyCount "47"]
[EventDate "2025.01.20"]
[EventType "tourn"]
[EventRounds "9"]
[EventCountry "SRB"]
[EventCategory "8"]
[SourceTitle "CB07_2025"]
[SourceDate "2025.02.12"]
[SourceVersion "1"]
[SourceVersionDate "2025.02.12"]
[SourceQuality "1"]

1. d4 Nf6 2. c4 g6 3. Nf3 Bg7 4. g3 c6 5. Bg2 0-0 6. 0-0 d5 7. Qa4 Nfd7 8. cxd5 Nb6 9. Qd1 cxd5 10. a4 Nc6 11. b3 Bg4 12. Bb2 Bxf3 13. Bxf3 e6 14. e3 Nc8 15. Nd2 Re8 16. Qe2 Nd6 17. Rac1 Rc8 18. Rfd1 Qd7 19. Bg2 Nb4 20. Nb1 Rxc1 21. Rxc1 Rc8 22. Qd2 a5 23. Rxc8+ Nxc8 24. Nc3 1/2-1/2

[Event "Pozarevac Rudar GM 01-A"]
[Site "Pozarevac"]
[Date "2025.01.22"]
[Round "3"]
[White "Rohit, Krishna S"]
[Black "Peng, Li Min"]
[Result "1/2-1/2"]
[WhiteElo "2481"]
[BlackElo "2512"]
[PlyCount "40"]
[EventDate "2025.01.20"]
[EventType "tourn"]
[EventRounds "9"]
[EventCountry "SRB"]
[EventCategory "8"]
[SourceTitle "CB07_2025"]
[SourceDate "2025.02.12"]
[SourceVersion "1"]
[SourceVersionDate "2025.02.12"]
[SourceQuality "1"]

1. d4 d5 2. c4 dxc4 3. Nf3 Nf6 4. e3 e6 5. Bxc4 a6 6. 0-0 c5 7. b3 b6 8. Bb2 Bb7 9. Nbd2 Nbd7 10. Rc1 Bd6 11. Be2 0-0 12. Nc4 Be7 13. dxc5 Bxc5 14. Bd4 Rc8 15. Bxc5 Rxc5 16. b4 Rc7 17. Qd4 Qb8 18. a4 Rfc8 19. Qb2 Bxf3 20. gxf3 Nd5 1/2-1/2

[Event "Asia-ch U18"]
[Site "Tagaytay City"]
[Date "2024.10.18"]
[Round "8"]
[White "Rohit, Krishna S"]
[Black "Concio, Michael Jr"]
[Result "1/2-1/2"]
[WhiteElo "2474"]
[BlackElo "2368"]
[PlyCount "137"]
[EventDate "2024.10.13"]
[EventType "swiss"]
[EventRounds "9"]
[EventCountry "PHI"]
[SourceTitle "CB43_2024"]
[Source "Chessbase"]
[SourceDate "2024.10.23"]
[SourceVersion "1"]
[SourceVersionDate "2024.10.23"]
[SourceQuality "1"]

1. d4 Nf6 2. c4 Nc6 3. Nc3 e5 4. d5 Ne7 5. e4 Ng6 6. Bd3 Bc5 7. h3 a5 8. Na4 Bb4+ 9. Kf1 b6 10. Be3 d6 11. Ne2 Nh5 12. a3 Bc5 13. Nxc5 bxc5 14. Qd2 h6 15. g3 Bd7 16. Kg2 0-0 17. b4 axb4 18. axb4 Rxa1 19. Rxa1 cxb4 20. Kh2 Qc8 21. Ng1 f5 22. exf5 Bxf5 23. Be2 Nf6 24. Qxb4 Qb8 25. Qxb8 Rxb8 26. Ra7 Ne8 27. Nf3 Ne7 28. Nd2 Nc8 29. Ra2 Ne7 30. g4 Bg6 31. Ra7 Nc8 32. Ra2 Ne7 33. Kg3 Kf8 34. Ra7 Nc8 35. Ra2 Nb6 36. Ra7 Nc8 37. Ra2 Nb6 38. h4 Ra8 39. Rxa8 Nxa8 40. h5 Bf7 41. Ne4 Nb6 42. f4 exf4+ 43. Kxf4 Nd7 44. Bd4 Bg8 45. g5 hxg5+ 46. Nxg5 Ndf6 47. Kf5 Nh7 48. Ne6+ Kf7 49. Bd1 Nf8 50. Ng5+ Ke7 51. Ba4 Nf6 52. Bd1 N8h7 53. Kg6 Nxg5 54. Kxg5 Kf7 55. Bc2 Nh7+ 56. Kf4 Nf8 57. c5 Nd7 58. Bg6+ Kf8 59. cxd6 cxd6 60. Bf5 Nf6 61. Bxf6 gxf6 62. Be6 Bh7 63. Bf5 Bg8 64. Be6 Bh7 65. h6 Bg6 66. Bf5 Bf7 67. Be6 Bg6 68. Bf5 Bf7 69. Be6 1/2-1/2

[Event "Asia-ch U18"]
[Site "Tagaytay City"]
[Date "2024.10.15"]
[Round "4"]
[White "Grebnev, Aleksey"]
[Black "Rohit, Krishna S"]
[Result "1-0"]
[WhiteElo "2530"]
[BlackElo "2474"]
[PlyCount "113"]
[EventDate "2024.10.13"]
[EventType "swiss"]
[EventRounds "9"]
[EventCountry "PHI"]
[SourceTitle "CB43_2024"]
[Source "Chessbase"]
[SourceDate "2024.10.23"]
[SourceVersion "1"]
[SourceVersionDate "2024.10.23"]
[SourceQuality "1"]

1. e4 e5 2. Nf3 Nc6 3. Bc4 Bc5 4. c3 Nf6 5. d3 0-0 6. 0-0 d6 7. h3 a6 8. a4 Ba7 9. Re1 h6 10. Nbd2 Ne7 11. d4 Ng6 12. Bb3 Re8 13. Bc2 Be6 14. Nf1 c6 15. Ng3 Qc7 16. Be3 a5 17. Qd2 Qe7 18. Rad1 Rad8 19. Qc1 Bb8 20. b4 axb4 21. cxb4 Qf8 22. dxe5 Nxe5 23. Nd4 Nc4 24. Bf4 d5 25. Bxb8 Rxb8 26. e5 Nh7 27. Qb1 Ng5 28. f4 Na3 29. Qb3 Nxc2 30. Qxc2 Nh7 31. Qc3 c5 32. bxc5 Rec8 33. Rc1 Bd7 34. a5 Qd8 35. f5 Ra8 36. e6 Be8 37. exf7+ Bxf7 38. Ne6 Bxe6 39. fxe6 Qg5 40. e7 Nf6 41. h4 Qxh4 42. Nf5 Qh5 43. Nd6 Rcb8 44. Re5 Qg4 45. Rf1 Qg6 46. Qd4 Ne8 47. Qxd5+ Kh7 48. Nxb7 Nf6 49. Qf3 Ng4 50. Re4 Nf6 51. Re6 Qg5 52. c6 Kh8 53. Qe3 Qh5 54. Qe5 Qxe5 55. Rxe5 Ne8 56. Rf8+ Kh7 57. Rd5 1-0

[Event "Asia-ch U18"]
[Site "Tagaytay City"]
[Date "2024.10.14"]
[Round "3"]
[White "Rohit, Krishna S"]
[Black "Amilal, Munkhdalai"]
[Result "1/2-1/2"]
[WhiteElo "2474"]
[BlackElo "2388"]
[PlyCount "93"]
[EventDate "2024.10.13"]
[EventType "swiss"]
[EventRounds "9"]
[EventCountry "PHI"]
[SourceTitle "CB43_2024"]
[Source "Chessbase"]
[SourceDate "2024.10.23"]
[SourceVersion "1"]
[SourceVersionDate "2024.10.23"]
[SourceQuality "1"]

1. d4 Nf6 2. c4 e6 3. Nf3 Bb4+ 4. Nbd2 0-0 5. a3 Be7 6. e4 d6 7. Be2 c5 8. d5 exd5 9. cxd5 Re8 10. 0-0 Bf8 11. Re1 a6 12. Qc2 Bg4 13. Bf1 Nbd7 14. b3 g6 15. Bb2 Bg7 16. h3 Bxf3 17. Nxf3 Nh5 18. Bxg7 Nxg7 19. a4 Qf6 20. Rab1 Rac8 21. Re3 g5 22. Be2 h5 23. Rf1 Re7 24. Nd2 Rce8 25. Kh1 Qh6 26. Nc4 Ne5 27. a5 Rf8 28. Nxe5 Rxe5 29. b4 cxb4 30. Bd3 Re7 31. Qc4 h4 32. Qxb4 Nh5 33. e5 Nf4 34. Bc4 Rxe5 35. Rxe5 dxe5 36. Qxb7 Qg6 37. Qb1 Rc8 38. Qxg6+ Nxg6 39. Bxa6 Ra8 40. Bb7 Rxa5 41. Rd1 Nf8 42. d6 Ne6 43. Rc1 Rc5 44. Ra1 Kg7 45. Kg1 Kf6 46. Bf3 Rc4 47. Ra6 1/2-1/2

[Event "Titled Tuesday intern op 17th Sep Early"]
[Site "Chess,com INT"]
[Date "2024.09.17"]
[Round "4"]
[White "Kevlishvili, Robby"]
[Black "Rohit, Krishna S"]
[Result "1-0"]
[WhiteElo "2551"]
[BlackElo "2474"]
[PlyCount "106"]
[EventDate "2024.09.17"]
[EventType "swiss (blitz)"]
[EventRounds "11"]
[EventCountry "USA"]
[SourceTitle "EXT 2025"]
[Source "ChessBase"]
[SourceDate "2024.10.14"]
[SourceVersion "1"]
[SourceVersionDate "2024.10.14"]
[SourceQuality "1"]

1. e4 e5 2. Nf3 Nc6 3. Bb5 a6 4. Ba4 Nf6 5. d3 b5 6. Bb3 Bc5 7. Nc3 d6 8. Nd5 h6 9. c3 Ba7 10. 0-0 0-0 11. Be3 Be6 12. a4 Nd7 13. d4 Re8 14. Qd3 exd4 15. cxd4 Bxd5 16. Bxd5 Nb4 17. Bxf7+ Kxf7 18. Qb3+ d5 19. axb5 axb5 20. exd5 Kg6 21. Qxb4 Nf6 22. Ne5+ Kh7 23. Nc6 Nxd5 24. Qb3 Qd6 25. Nxa7 Nxe3 26. fxe3 Qb6 27. Nxb5 Rab8 28. Qd3+ Kh8 29. Nc3 c5 30. h3 Qxb2 31. Rab1 Qa3 32. Rxb8 Rxb8 33. dxc5 Qxc5 34. Nd5 Re8 35. Kh1 Re5 36. Nf4 Re8 37. Ng6+ Kg8 38. e4 Qg5 39. Qd5+ Kh7 40. Nf8+ Kh8 41. Qxg5 hxg5 42. e5 Kg8 43. Nd7 Re7 44. Rd1 Kf7 45. Kh2 Ke6 46. Nc5+ Kf5 47. Rf1+ Kg6 48. e6 Rc7 49. Nd7 Rc8 50. Rf8 Rxf8 51. Nxf8+ Kf6 52. Kg3 Ke7 53. Nh7 Kxe6 1-0